James Bond Martini Recipe Quiz Stats

 Plays Quiz Updated Feb 24, 2020

Support Sporcle.
Go Orange.
Score 0/5 Timer 02:00
0 Plays Today
Measures/Parts Ingredient % Correct
Shake it over _____ until it is coldice
92.4%
1 Measurevodka
82.8%
3 MeasuresGordon's gin
81.6%
And serve it with a thin...lemon peel
31.4%
1 PartKina Lillet
17.8%

You're not logged in!

Compare scores with friends on all Sporcle quizzes.
OR
Log In

From the Vault

World Capitals A-Z II

by CCCP

If we had our own country, we'd name the capital 'Triviopolis'.
Remove Ads.
Support Sporcle.
Get the best of Sporcle when you Go Orange. This ad-free experience offers more features, more stats, and more fun while also helping to support Sporcle. Thank you for becoming a member.

Show Comments

Extras

Top Quizzes Today


Score Distribution

Your Account Isn't Verified!

In order to create a playlist on Sporcle, you need to verify the email address you used during registration. Go to your Sporcle Settings to finish the process.

Report this User

Report this user for behavior that violates our Community Guidelines.

Details: